LEADER 00971nam0-22003011i-450- 001 990003163210403321 005 20101221124340.0 035 $a000316321 035 $aFED01000316321 035 $a(Aleph)000316321FED01 035 $a000316321 100 $a20030910d1994----km-y0itay50------ba 101 0 $aeng 102 $aIT 200 1 $aPredicting consumption of Italian households by means of leading indicators$fby Giuseppe Parigi and Giuseppe Schlitzer 210 $aRoma$cBanca d'Italia$d1994 215 $a42 p.$d30 cm 225 1 $aTemi di discussione del Servizio studi$fBanca d'Italia$v234 610 0 $aConsumi$aItalia 702 1$aParigi,$bGiuseppe 702 1$aSchlitzer,$bGiuseppe 801 0$aIT$bUNINA$gRICA$2UNIMARC 901 $aBK 912 $a990003163210403321 952 $aDocBdI/TD/94/234$b11229/234$fSES 959 $aSES 996 $aPredicting consumption of Italian households by means of leading indicators$9458886 997 $aUNINA LEADER 01772nas 2200589-a 450 001 996213712003316 005 20230227213019.0 011 $a2049-3258 035 $a(OCoLC)51110187 035 $a(CKB)110976725706806 035 $a(CONSER)--2006263079 035 $a(MiFhGG)4WGU 035 $a(MiAaPQ)4665242 035 $a(EXLCZ)99110976725706806 100 $a20021203a19909999 s-- a 101 0 $aeng 135 $aurcn||||||||| 181 $ctxt$2rdacontent 182 $cc$2rdamedia 183 $acr$2rdacarrier 200 10$aArchives of public health 210 $aBrussels $cArchives belges de médecine sociale" asbl 300 $aRefereed/Peer-reviewed 311 $a0778-7367 517 1 $aArchives belges de santé publique 517 1 $aBelgisch archief voor volksgezondheid 517 1 $aAPH 531 $aARCHIVES BELGES DE SANTE PUBLIQUE 531 $aARCH PUBLIC HEALTH 531 1 $aArch. public health 606 $aPublic health$vPeriodicals 606 $aPublic health$zBelgium$vPeriodicals 606 $aPublic Health 606 $aPublic health$2fast$3(OCoLC)fst01082238 607 $aBelgium 607 $aBelgium$2fast 608 $aPeriodical 608 $aFulltext. 608 $aInternet Resources. 608 $aPeriodicals. 608 $aPeriodicals.$2fast 608 $aPeriodicals.$2lcgft 615 0$aPublic health 615 0$aPublic health 615 2$aPublic Health 615 7$aPublic health. 712 02$aInstitut scientifique de la santé publique--Louis Pasteur (Belgium) 712 02$aBelgium.$bMinistère de la santé publique et de l'environnement. 906 $aJOURNAL 912 $a996213712003316 996 $aArchives of public health$92425269 997 $aUNISA